Le progres agricole et viticole : Journal d'agriculture meridionale
Αποθηκεύτηκε σε:
| Μορφή: | Βιβλίο |
|---|---|
| Γλώσσα: | French |
| Δημοσίευση: |
Montpellier :
Imprimerie Serre et Ricome, Rue Vieelle-Intendance,
1884-
|
| Θέματα: | |
| Ετικέτες: |
Προσθήκη ετικέτας
Δεν υπάρχουν, Καταχωρήστε ετικέτα πρώτοι!
|
MARC
| LEADER | 00000cam a2200000 a 4500 | ||
|---|---|---|---|
| 001 | 1/124734 | ||
| 008 | 220419d1884####fr | ||| |||| ||fre|| | ||
| 040 | |a GR-MyUa |b gre |c GR-MyUa |e AACR2 | ||
| 041 | 0 | |a fre | |
| 082 | 7 | |a 630.3 |2 (23) | |
| 245 | 1 | 3 | |a Le progres agricole et viticole : |b Journal d'agriculture meridionale / |c dirige par L. Degrully. |
| 260 | |a Montpellier : |b Imprimerie Serre et Ricome, Rue Vieelle-Intendance, |c 1884- | ||
| 300 | |a 5τ. ; |c 23 εκ. | ||
| 650 | 0 | |a Agriculture |x Periodicals. | |
| 650 | 0 | |a Viticulture |x Periodicals. | |
| 970 | |a Γουβάλα |b Βάσω |z 19-4-2022 | ||